[Event "Noyabrsk"]
[Site "Noyabrsk"]
[Date "1995.??.??"]
[Round "6"]
[White "Stripunsky, Alexander"]
[Black "Zagrebelny, Sergey"]
[Result "0-1"]
[WhiteElo "2495"]
[BlackElo "2510"]
[PlyCount "80"]
[EventDate "1995.05.??"]
[Source "ChessBase"]

1. e4 c5 2. Nf3 d6 3. d4 cxd4 4. Nxd4 Nf6 5. Nc3 a6 6. Bg5 Nbd7 7. f4 Qb6 8. a3 h6 9. Bh4 e5 10. Nf5 exf4 11. Bc4 Qxb2 12. Ne2 Qe5 13. O-O Qc5+ 14. Kh1 Qxc4 15. Nxf4 g5 16. Ne3 Qc5 17. Nd3 Qc6 18. Bg3 Nxe4 19. Nb4 Qc5 20. Qf3 Nxg3+ 21. hxg3 Ne5 22. Qf6 Rh7 23. Nbd5 Be6 24. Rad1 Nd7 25. Qb2 Qc6 26. c4 Rg7 27. Nf5 Bxf5 28. Rxf5 O-O-O 29. Rb1 Re8 30. Qd4 Kb8 31. Nb4 Qb6 32. Qd5 Ka8 33. Qd1 Re5 34. Nd5 Qc5 35. Qa4 f6 36. Rf3 g4 37. Re3 Rxe3 38. Nxe3 Qxe3 39. Qb4 Nc5 40. Re1 Nd3 0-1

[Event "BCF-ch"]
[Site "Plymouth"]
[Date "1992.??.??"]
[Round "7"]
[White "Howell, James C"]
[Black "Hodgson, Julian M"]
[Result "0-1"]
[WhiteElo "2465"]
[BlackElo "2535"]
[PlyCount "80"]
[EventDate "1992.08.??"]
[Source "ChessBase"]

1. e4 c5 2. Nf3 d6 3. d4 cxd4 4. Nxd4 Nf6 5. Nc3 a6 6. Bg5 Nbd7 7. Bc4 g6 8. Qd2 Bg7 9. f3 h6 10. Be3 b5 11. Bb3 Bb7 12. a4 b4 13. Nd5 a5 14. Nxf6+ Bxf6 15. O-O h5 16. Kh1 h4 17. Bd5 Qc8 18. Rad1 Rh5 19. Bxb7 Qxb7 20. b3 d5 21. Ne2 dxe4 22. Nf4 Re5 23. Nd5 h3 24. fxe4 Rxe4 25. gxh3 Bd4 26. Qg2 Qxd5 27. Bxd4 Ra6 28. c4 bxc3 29. Bxc3 Qe6 30. Rc1 f5 31. Bd2 Kf7 32. Rf2 Re5 33. Bf4 Re1+ 34. Rxe1 Qxe1+ 35. Rf1 Qe6 36. h4 Nf6 37. Rg1 Nh5 38. Bd2 Qxb3 39. h3 Re6 40. Bxa5 Nf4 0-1

[Event "Minsk Int"]
[Site "Minsk BLR"]
[Date "1986.??.??"]
[Round "?"]
[White "Mikhalchishin, Adrian B"]
[Black "Kupreichik, Viktor D"]
[Result "1-0"]
[WhiteElo "2510"]
[BlackElo "2490"]
[PlyCount "83"]
[EventDate "1986.12.??"]
[Source "www.chesslib.no"]
[SourceDate "2004.05.04"]

1. e4 c5 2. Nf3 d6 3. d4 cxd4 4. Nxd4 Nf6 5. Nc3 a6 6. Bg5 Nbd7 7. Bc4 g6 8. Qd2 Bg7 9. Bh6 O-O 10. Bxg7 Kxg7 11. O-O-O Nb6 12. Bb3 a5 13. a4 Bd7 14. f4 e6 15. Rhe1 Rc8 16. e5 dxe5 17. fxe5 Ng8 18. Qf4 Rxc3 19. bxc3 Qe7 20. Rf1 Rc8 21. Rd3 Rc7 22. Rdf3 Be8 23. Qf6+ Qxf6 24. exf6+ Kf8 25. Re1 Nxa4 26. Bxa4 Bxa4 27. Re5 b6 28. Rxe6 fxe6 29. Nxe6+ Ke8 30. Nxc7+ Kf7 31. Nd5 Bc6 32. Rd3 b5 33. g3 Nh6 34. Ne3 Ke6 35. Rd8 Nf7 36. Rb8 Kxf6 37. Rb6 Nd8 38. c4 b4 39. Ra6 a4 40. Nd5+ Ke5 41. Nxb4 Bb7 42. Nd3+ 1-0

[Event "RUS-ch sf"]
[Site "?"]
[Date "2003.??.??"]
[Round "6"]
[White "Kornev Alexei"]
[Black "Dvalishvili Pavel S"]
[Result "1/2-1/2"]
[WhiteElo "2558"]
[BlackElo "2432"]
[PlyCount "39"]
[EventDate "2003.??.??"]
[Source "www.chesslib.no"]
[SourceDate "2004.05.04"]

1. e4 c5 2. Nf3 d6 3. d4 cxd4 4. Nxd4 Nf6 5. Nc3 a6 6. Bg5 Nbd7 7. Bc4 e6 8. O-O h6 9. Bh4 Qb6 10. Bb3 Be7 11. Kh1 Nc5 12. f4 Ncxe4 13. Nxe4 Nxe4 14. Bxe7 Kxe7 15. c3 Rd8 16. f5 exf5 17. Qh5 d5 18. Nxf5+ Bxf5 19. Qxf5 Nf6 20. Rad1 1/2-1/2

[Event "EU-ch 3rd"]
[Site "Batumi"]
[Date "2002.06.12"]
[Round "1"]
[White "Kotronias, Vasilios"]
[Black "Danner, Georg"]
[Result "1-0"]
[WhiteElo "2580"]
[BlackElo "2407"]
[PlyCount "69"]
[EventDate "2002.06.12"]
[Source "ChessBase"]
[SourceDate "2002.09.20"]

1. e4 c5 2. Nf3 d6 3. d4 cxd4 4. Nxd4 Nf6 5. Nc3 a6 6. Bg5 Nbd7 7. Bc4 Qb6 8. Bb3 e6 9. O-O Be7 10. Kh1 Nc5 11. Qe2 h6 12. Bh4 g5 13. Bg3 e5 14. Nf5 Bxf5 15. exf5 Nxb3 16. axb3 Qc6 17. f3 Rc8 18. Rac1 Kf8 19. Ne4 b5 20. c4 Kg7 21. Rc3 bxc4 22. bxc4 Qb7 23. b3 Rc6 24. Rd3 Qc8 25. c5 dxc5 26. Bxe5 Qxf5 27. Ng3 Qg6 28. f4 Re8 29. f5 Qh7 30. Bxf6+ Rxf6 31. Re3 Kf8 32. Re1 h5 33. Rxe7 Rxe7 34. Qxe7+ Kg7 35. Qe5 1-0

[Event "Cup Yug M 2002"]
[Site "?"]
[Date "2002.05.17"]
[Round "5"]
[White "Sedlak Nikola"]
[Black "Markovic Miroslav"]
[Result "1-0"]
[WhiteElo "2468"]
[BlackElo "2517"]
[PlyCount "91"]
[EventDate "2002.??.??"]
[Source "www.chesslib.no"]
[SourceDate "2004.05.04"]

1. e4 c5 2. Nf3 d6 3. d4 Nf6 4. Nc3 cxd4 5. Nxd4 a6 6. Bg5 Nbd7 7. f4 g6 8. Bc4 Bg7 9. Qe2 O-O 10. O-O-O Qa5 11. Kb1 Nb6 12. Nb3 Qb4 13. Bxf7+ Rxf7 14. Rd4 Nc4 15. Rxc4 Qb6 16. e5 Bg4 17. Qe1 dxe5 18. fxe5 Be6 19. exf6 Bxc4 20. fxg7 Qf2 21. Nd2 Qxg2 22. Bh6 Rc8 23. Nxc4 Rxc4 24. Qd1 Rc8 25. h4 Qf3 26. Qxf3 Rxf3 27. a4 Rf5 28. Rd1 Rh5 29. Bg5 h6 30. Bxe7 Kxg7 31. Rd7 Kf7 32. Rxb7 Ke6 33. Ne2 Re5 34. Nd4+ Kd5 35. c3 Re8 36. Bf6 Re1+ 37. Ka2 Rf1 38. Bg7 g5 39. hxg5 hxg5 40. Rb6 g4 41. Rxa6 Rg8 42. Rg6 Rf7 43. Rg5+ Kc4 44. Ne6 Re7 45. Rxg4+ Kd5 46. Nf4+ 1-0

[Event "HUN-chT1"]
[Site "HUN"]
[Date "1995.??.??"]
[Round "?"]
[White "Groszpeter, Attila"]
[Black "Horvath, Gyula"]
[Result "1/2-1/2"]
[WhiteElo "2520"]
[BlackElo "2455"]
[PlyCount "25"]
[EventDate "1995.??.??"]
[Source "www.chesslib.no"]
[SourceDate "2004.05.04"]

1. e4 c5 2. Nf3 d6 3. d4 cxd4 4. Nxd4 Nf6 5. Nc3 a6 6. Bg5 Nbd7 7. f4 Qb6 8. a3 e6 9. Bh4 Be7 10. Bf2 Qc7 11. g4 h6 12. h4 Nb6 13. Qf3 1/2-1/2

[Event "Yerevan"]
[Site "Yerevan"]
[Date "1977.??.??"]
[Round "9"]
[White "Lutikov, Anatoly S"]
[Black "Petkevich, Jusefs"]
[Result "1/2-1/2"]
[WhiteElo "2540"]
[BlackElo "2425"]
[PlyCount "62"]
[EventDate "1977.??.??"]
[Source "ChessBase"]

1. e4 c5 2. Nf3 d6 3. d4 cxd4 4. Nxd4 Nf6 5. Nc3 a6 6. Bg5 Nbd7 7. Bc4 Qa5 8. Qd2 e6 9. O-O h6 10. Be3 Be7 11. f3 Ne5 12. Bb3 Qc7 13. Qe2 O-O 14. Kh1 b5 15. f4 Nc4 16. Ndxb5 axb5 17. Nxb5 Qb7 18. Bxc4 Nxe4 19. a4 d5 20. Bd3 Bf6 21. c3 Bd7 22. Qc2 Be7 23. Bd4 f5 24. Qe2 Bf6 25. Qe3 Bxd4 26. cxd4 Qb6 27. Rfc1 e5 28. Bxe4 fxe4 29. fxe5 Bxb5 30. axb5 Rxa1 31. Rxa1 Qxb5 1/2-1/2

[Event "Moscow Aeroflot op"]
[Site "Moscow"]
[Date "2002.02.07"]
[Round "5"]
[White "Zaitsev, Igor A"]
[Black "Korobov, Anton"]
[Result "1/2-1/2"]
[WhiteElo "2444"]
[BlackElo "2511"]
[PlyCount "45"]
[EventDate "2002.02.04"]
[Source "ChessBase"]
[SourceDate "2002.03.21"]

1. e4 c5 2. Nf3 d6 3. d4 cxd4 4. Nxd4 Nf6 5. Nc3 a6 6. Bg5 Nbd7 7. Bd3 g6 8. O-O Bg7 9. h3 O-O 10. Qd2 Ne5 11. Kh1 Qb6 12. Be3 Qxb2 13. a3 Nxd3 14. Qxd3 Qb6 15. Ne6 Qxe3 16. Qxe3 Bxe6 17. Rad1 Rfe8 18. Nd5 Bxd5 19. exd5 Nd7 20. c4 Rac8 21. Rb1 Rc7 22. f4 Bf6 23. f5 1/2-1/2

[Event "WYCC 2003 - B18"]
[Site "Halkidiki"]
[Date "2003.10.30"]
[Round "8.3"]
[White "Kurnosov, Igor"]
[Black "Lafuente, Pablo"]
[Result "1/2-1/2"]
[WhiteElo "2527"]
[BlackElo "2424"]
[PlyCount "80"]
[EventDate "2003.10.23"]
[Source "Roberto Alvarez"]
[SourceDate "2003.11.03"]

1. e4 c5 2. Nf3 d6 3. d4 cxd4 4. Nxd4 Nf6 5. Nc3 a6 6. Bg5 Nbd7 7. Bc4 Qa5 8. Qd2 e6 9. O-O-O b5 10. Bb3 Bb7 11. Rhe1 O-O-O 12. a3 Be7 13. f4 h6 14. Bh4 Nc5 15. Nf3 b4 16. axb4 Qxb4 17. Ba2 Kb8 18. Kb1 Ka8 19. Qd4 a5 20. f5 Bc6 21. Nd5 Qxd4 22. Nxd4 Nxd5 23. Nxc6 Bxh4 24. g3 Nc3+ 25. bxc3 Rb8+ 26. Nxb8 Rxb8+ 27. Ka1 Bf6 28. Rd4 Be5 29. Re3 Ka7 30. Rf3 Rb7 31. Bc4 Rc7 32. fxe6 fxe6 33. Re3 Na4 34. Bxe6 Nxc3 35. Rdd3 Nd1+ 36. Kb1 Rb7+ 37. Kc1 Nxe3 38. Rxe3 a4 39. Bd5 Rb4 40. Rf3 Rb8 1/2-1/2

[Event "Paris Open"]
[Site "Paris FRA"]
[Date "1995.??.??"]
[Round "?"]
[White "Koch, Jean-Rene"]
[Black "Horvath, Gyula"]
[Result "1-0"]
[WhiteElo "2495"]
[BlackElo "2455"]
[PlyCount "67"]
[EventDate "1995.04.??"]
[Source "www.chesslib.no"]
[SourceDate "2004.05.04"]

1. e4 c5 2. Nf3 d6 3. d4 cxd4 4. Nxd4 Nf6 5. Nc3 a6 6. Bg5 Nbd7 7. f4 b5 8. a4 b4 9. Nd5 Nxd5 10. exd5 Bb7 11. a5 Qc7 12. Nb3 Rc8 13. Ra4 Nc5 14. Rxb4 Nxb3 15. Rxb3 Qxa5+ 16. c3 Qxd5 17. Qxd5 Bxd5 18. Bxa6 Bxb3 19. Bxc8 e6 20. Kd2 h6 21. Bh4 Be7 22. Bxe7 Kxe7 23. Bb7 g5 24. g3 d5 25. fxg5 hxg5 26. h4 f5 27. Ba6 e5 28. Bd3 e4 29. Bc2 Bxc2 30. Kxc2 f4 31. h5 fxg3 32. Kd2 Rxh5 33. Rxh5 Kf6 34. Rh3 1-0

[Event "HUN-chT 9798"]
[Site "Hungary"]
[Date "1998.??.??"]
[Round "?"]
[White "Cao Sang"]
[Black "Horvath, Gyula"]
[Result "1-0"]
[WhiteElo "2465"]
[BlackElo "2480"]
[PlyCount "75"]
[EventDate "1997.??.??"]
[Source "www.chesslib.no"]
[SourceDate "2004.05.04"]

1. e4 c5 2. Nf3 d6 3. d4 cxd4 4. Nxd4 Nf6 5. Nc3 a6 6. Bg5 Nbd7 7. f3 Qb6 8. a3 g6 9. Be2 Bg7 10. Be3 Qc7 11. Qd2 b5 12. O-O-O Bb7 13. g4 Nb6 14. Bh6 Bxh6 15. Qxh6 O-O-O 16. Qe3 Qc5 17. Qf4 g5 18. Qd2 Qe5 19. h4 h6 20. hxg5 hxg5 21. Rxh8 Rxh8 22. Nf5 Rg8 23. Qd4 Qxd4 24. Rxd4 Kd7 25. a4 Nxa4 26. Nxb5 axb5 27. Bxb5+ Ke6 28. Rxa4 Nh7 29. Ra7 Rb8 30. Bc6 Bxc6 31. Nd4+ Kf6 32. Nxc6 Re8 33. b4 Nf8 34. b5 Ng6 35. b6 Ne5 36. Nb4 e6 37. b7 Nd7 38. Nc6 1-0

[Event "Lloyds Bank op"]
[Site "London"]
[Date "1992.??.??"]
[Round "?"]
[White "McDonald, Neil R"]
[Black "Hodgson, Julian M"]
[Result "1-0"]
[WhiteElo "2410"]
[BlackElo "2535"]
[PlyCount "37"]
[EventDate "1992.08.??"]
[Source "ChessBase"]

1. e4 c5 2. Nf3 d6 3. d4 cxd4 4. Nxd4 Nf6 5. Nc3 a6 6. Bg5 Nbd7 7. f4 g6 8. Qe2 Bg7 9. e5 dxe5 10. fxe5 Nh5 11. O-O-O Bxe5 12. Nd5 Nhf6 13. Nf3 Nxd5 14. Nxe5 h6 15. Bh4 N5b6 16. Nxg6 fxg6 17. Qe6 g5 18. Qg6+ Kf8 19. Bc4 1-0

[Event "Kahla"]
[Site "?"]
[Date "1999.??.??"]
[Round "?"]
[White "Enders Peter"]
[Black "Gutman Lev"]
[Result "0-1"]
[WhiteElo "2474"]
[BlackElo "2470"]
[PlyCount "118"]
[EventDate "1999.??.??"]
[Source "www.chesslib.no"]
[SourceDate "2004.05.04"]

1. e4 c5 2. Nf3 d6 3. d4 cxd4 4. Nxd4 Nf6 5. Nc3 a6 6. Bg5 Bd7 7. Bxf6 gxf6 8. Qh5 e6 9. O-O-O Nc6 10. Nb3 Qb6 11. Rd2 Rg8 12. f4 Rg6 13. g3 O-O-O 14. Bg2 Kb8 15. Kb1 Rc8 16. Rhd1 Be8 17. Qf3 Rg8 18. Ne2 Be7 19. Ned4 Na7 20. Qh5 h6 21. Bf3 Rf8 22. Rd3 Ba4 23. Qa5 Qxa5 24. Nxa5 h5 25. Ra3 Be8 26. Bxh5 Rh8 27. g4 Bd8 28. Nab3 Bb6 29. Ne2 Nb5 30. Ra4 e5 31. a3 Bd7 32. c4 Nd4 33. Rb4 Bc5 34. Nexd4 exd4 35. Nxc5 dxc5 36. Rb6 Bc6 37. Re1 Rcd8 38. Kc1 d3 39. Kd2 Rd4 40. Rb3 Bxe4 41. Rc3 f5 42. h3 fxg4 43. hxg4 f5 44. b4 b6 45. bxc5 bxc5 46. Rg1 Kc7 47. Rcc1 Bf3 48. a4 Be2 49. Bg6 Bxg4 50. Rg2 Rb8 51. Kc3 Rb4 52. Bf7 Rxa4 53. Bd5 Rxf4 54. Rb1 Rd4 55. Rb7+ Kd6 56. Rb6+ Ke5 57. Rf2 f4 58. Rg2 f3 59. Rf2 Kf4 0-1

[Event "Ch (qual)"]
[Site "Severodonetsk"]
[Date "1982.??.??"]
[Round "?"]
[White "Tseitlin, Mark D"]
[Black "Karasev, Vladimir I"]
[Result "1-0"]
[WhiteElo "2475"]
[BlackElo "2460"]
[PlyCount "61"]
[EventDate "1982.??.??"]
[Source "www.chesslib.no"]
[SourceDate "2004.05.04"]

1. e4 c5 2. Nf3 d6 3. d4 Nf6 4. Nc3 cxd4 5. Nxd4 a6 6. Bg5 Nbd7 7. Bc4 h6 8. Be3 e6 9. O-O Nc5 10. Qf3 b5 11. b4 bxc4 12. bxc5 dxc5 13. Nf5 Bb7 14. Rab1 Qc8 15. Ng3 Be7 16. Na4 Nd7 17. Nh5 Kf8 18. Nb6 Nxb6 19. Rxb6 g6 20. Rfb1 Ra7 21. Nf4 Kg7 22. Bd2 Bf6 23. Qg3 Kh7 24. Rxe6 Bg5 25. Reb6 Bxe4 26. h4 Bd8 27. Rb8 Qf5 28. Bc3 Bf6 29. Nh5 Rxb8 30. Nxf6+ Qxf6 31. Rxb8 1-0

[Event "EU-ch 3rd"]
[Site "Batumi"]
[Date "2002.06.12"]
[Round "1"]
[White "Atakisi, Umut"]
[Black "Kempinski, Robert"]
[Result "1/2-1/2"]
[WhiteElo "2358"]
[BlackElo "2570"]
[PlyCount "22"]
[EventDate "2002.06.12"]
[Source "ChessBase"]
[SourceDate "2002.09.20"]

1. e4 c5 2. Nf3 d6 3. d4 cxd4 4. Nxd4 Nf6 5. Nc3 a6 6. Bg5 Nbd7 7. Bc4 h6 8. Bxf6 Nxf6 9. Qe2 e5 10. Nf5 Be6 11. O-O-O Rc8 1/2-1/2

[Event "Alma-Ata"]
[Site "Alma Ata KAZ"]
[Date "1995.??.??"]
[Round "9"]
[White "Kotsur, Pavel"]
[Black "Zagrebelny, Sergey"]
[Result "1/2-1/2"]
[WhiteElo "2415"]
[BlackElo "2510"]
[PlyCount "106"]
[EventDate "1995.??.??"]
[Source "www.chesslib.no"]
[SourceDate "2004.05.04"]

1. e4 c5 2. Nf3 d6 3. d4 cxd4 4. Nxd4 Nf6 5. Nc3 a6 6. Bg5 Nbd7 7. Qd3 h6 8. Bh4 Ne5 9. Qd2 g5 10. Bg3 b5 11. Bd3 e6 12. a4 b4 13. Nce2 Nxd3+ 14. cxd3 a5 15. f3 Ba6 16. Bf2 Nd7 17. O-O Nc5 18. Nc1 Bg7 19. Ndb3 Bxd3 20. Nxc5 Bxf1 21. Nb7 Qc7 22. Nxd6+ Ke7 23. Bg3 Rhd8 24. Kxf1 Rxd6 25. Bxd6+ Qxd6 26. Qxd6+ Kxd6 27. Nd3 Rc8 28. Rd1 Ke7 29. Ke2 Rc2+ 30. Rd2 Rc4 31. Kd1 b3 32. Nc1 Rb4 33. Rd3 Be5 34. Rxb3 Rxa4 35. h3 Ra1 36. Kc2 Bf4 37. Ne2 Re1 38. Nxf4 gxf4 39. Rd3 Re2+ 40. Rd2 Rxd2+ 41. Kxd2 Kd6 42. Kc3 Kc5 43. Kb3 Kb5 44. Ka3 h5 45. h4 a4 46. b3 axb3 47. Kxb3 Kc5 48. Kc3 e5 49. Kd3 Kb4 50. Kd2 Kc4 51. Kc2 Kd4 52. Kd2 f6 53. Ke2 Kc3 1/2-1/2

[Event "RUS-Cup"]
[Site "Bor"]
[Date "2000.??.??"]
[Round "5"]
[White "Vorobiov, Evgeny E"]
[Black "Korobov, Anton"]
[Result "1/2-1/2"]
[WhiteElo "2500"]
[BlackElo "2411"]
[PlyCount "96"]
[EventDate "2000.06.??"]
[Source "www.chesslib.no"]
[SourceDate "2004.05.04"]

1. e4 c5 2. Nf3 d6 3. d4 cxd4 4. Nxd4 Nf6 5. Nc3 a6 6. Bg5 Nbd7 7. f4 g6 8. Qe2 h6 9. Bh4 g5 10. fxg5 hxg5 11. Bxg5 e6 12. O-O-O Be7 13. h4 Qc7 14. g3 b5 15. a3 Rb8 16. Na2 Bb7 17. Bg2 Ne5 18. Nb4 Nfd7 19. Qe3 Nc5 20. Bxe7 Qxe7 21. Kb1 f5 22. Rhf1 O-O 23. Nd5 Bxd5 24. exd5 b4 25. Nxe6 bxa3 26. b3 Nxe6 27. dxe6 Kh7 28. Bd5 Qg7 29. Qg5 Qxg5 30. hxg5 Kg6 31. e7 Rfe8 32. Be6 Rxe7 33. Rxd6 a5 34. Ra6 a4 35. Bxf5+ Kxg5 36. Rxa4 Rc7 37. Ra5 Nc4 38. Rd5 Ne3 39. Be4+ Nxd5 40. Rf5+ Kg4 41. Rxd5 Ra7 42. Ka2 Kxg3 43. Bd3 Kf4 44. Bb5 Ra5 45. c4 Rh8 46. Rd2 Ke3 47. Rg2 Kd3 48. Ba4 Rxa4 1/2-1/2

[Event "Capablanca mem Premier I"]
[Site "Havana"]
[Date "2004.05.10"]
[Round "5"]
[White "Bluvshtein, Mark"]
[Black "Lafuente, Pablo"]
[Result "1/2-1/2"]
[WhiteElo "2463"]
[BlackElo "2433"]
[PlyCount "91"]
[EventDate "2004.05.06"]
[Source "Roberto Alvarez"]
[SourceDate "2004.05.24"]

1. e4 c5 2. Nf3 d6 3. d4 cxd4 4. Nxd4 Nf6 5. Nc3 a6 6. Bg5 Nbd7 7. Bc4 Qa5 8. Qd2 e6 9. O-O Be7 10. Rad1 h6 11. Bh4 Ne5 12. Be2 g5 13. Bg3 b5 14. Bxe5 dxe5 15. Nc6 Qc7 16. Nxe7 Kxe7 17. Qe3 Bb7 18. a3 Rac8 19. f3 Qc5 20. Kf2 Nd7 21. Rd2 Nb8 22. Rfd1 Qxe3+ 23. Kxe3 Rc7 24. a4 b4 25. Na2 Nc6 26. c3 bxc3 27. bxc3 Nb8 28. Rb1 Nd7 29. Rdb2 Nc5 30. Rb6 Bc8 31. a5 Rd8 32. Nb4 Rd6 33. Rd1 Rxd1 34. Bxd1 Bb7 35. Nd3 Nd7 36. Rb4 Bc8 37. c4 Nc5 38. Nxe5 Nb7 39. Nd3 Nxa5 40. c5 Nb7 41. Rc4 Bd7 42. Ba4 Bxa4 43. Rxa4 Nxc5 44. Rc4 Kd6 45. Rd4+ Kc6 46. Rc4 1/2-1/2

[Event "Smederevska Polanka"]
[Site "Smederevska Polanka"]
[Date "1979.06.05"]
[Round "4"]
[White "Radulov, Ivan G"]
[Black "Martinovic, Slobodan"]
[Result "1/2-1/2"]
[WhiteElo "2485"]
[BlackElo "2410"]
[PlyCount "29"]
[EventDate "1979.06.??"]
[Source "www.chesslib.no"]
[SourceDate "2004.05.04"]

1. e4 c5 2. Nf3 d6 3. d4 cxd4 4. Nxd4 Nf6 5. Nc3 a6 6. Bg5 Nbd7 7. Bd3 e6 8. O-O Qc7 9. Qe2 Be7 10. Kh1 Nc5 11. Nb3 b5 12. Nxc5 Qxc5 13. Be3 Qc7 14. a4 b4 15. Nb1 1/2-1/2

[Event "Armed Forces Ch"]
[Site "Sverdlovsk"]
[Date "1987.??.??"]
[Round "?"]
[White "Yurtaev, Leonid"]
[Black "Anastasian, Ashot"]
[Result "1-0"]
[WhiteElo "2460"]
[BlackElo "2435"]
[PlyCount "75"]
[EventDate "1987.??.??"]
[Source "www.chesslib.no"]
[SourceDate "2004.05.04"]

1. e4 c5 2. Nf3 d6 3. d4 cxd4 4. Nxd4 Nf6 5. Nc3 a6 6. Bg5 Nbd7 7. Be2 e6 8. O-O Be7 9. Qd3 Qc7 10. Rad1 b5 11. a3 Bb7 12. Qg3 Rd8 13. f4 Nc5 14. Bf3 h6 15. Bh4 O-O 16. Qe1 Nh7 17. Bg3 Bf6 18. Kh1 e5 19. Nf5 Ne6 20. fxe5 Bxe5 21. Nd5 Qxc2 22. Nxd6 Bxg3 23. Ne7+ Kh8 24. Qxg3 Ba8 25. Rf2 Qc5 26. Rfd2 Qb6 27. Qe5 Nhg5 28. h4 Nxf3 29. gxf3 Qe3 30. Nxf7+ Rxf7 31. Rxd8+ Kh7 32. R8d3 Qf2 33. Qxe6 Qxh4+ 34. Kg2 Qg5+ 35. Kh3 Qh5+ 36. Kg3 Qg5+ 37. Qg4 Qxe7 38. Rd7 1-0

[Event "GER-ch"]
[Site "Binz"]
[Date "1994.??.??"]
[Round "3"]
[White "Luther, Thomas"]
[Black "Bangiev, Alexander"]
[Result "1/2-1/2"]
[WhiteElo "2510"]
[BlackElo "2385"]
[PlyCount "33"]
[EventDate "1994.11.??"]
[Source "ChessBase"]

1. e4 c5 2. Nf3 d6 3. d4 cxd4 4. Nxd4 Nf6 5. Nc3 a6 6. Bg5 Nbd7 7. Qe2 e6 8. O-O-O Be7 9. f4 Qc7 10. Nf3 h6 11. Bh4 g5 12. fxg5 hxg5 13. Bxg5 b5 14. a3 Rb8 15. Qd2 Qb7 16. b4 Qc7 17. Bd3 1/2-1/2

[Event "Abu Dhabi Masters op"]
[Site "Abu Dhabi"]
[Date "1999.08.27"]
[Round "6"]
[White "Badjarani, Ilgar"]
[Black "Zagrebelny, Sergey"]
[Result "0-1"]
[WhiteElo "2368"]
[BlackElo "2521"]
[PlyCount "104"]
[EventDate "1999.08.21"]
[Source "www.chesslib.no"]
[SourceDate "2004.05.04"]

1. e4 c5 2. Nf3 d6 3. d4 cxd4 4. Nxd4 Nf6 5. Nc3 a6 6. Bg5 Nbd7 7. Bc4 Qa5 8. Qd2 e6 9. O-O h6 10. Bxf6 Nxf6 11. Bb3 b5 12. Rfe1 Bb7 13. Rad1 Be7 14. Nxe6 fxe6 15. Bxe6 Bc8 16. Bb3 Ra7 17. Qd3 Rd7 18. Be6 Kd8 19. Qg3 Bf8 20. e5 dxe5 21. Qxe5 Qc7 22. Bxd7 Bxd7 23. Rxd7+ Kxd7 24. Qe6+ Kd8 25. Rd1+ Nd7 26. Qxa6 Bc5 27. Ne4 Ba7 28. Qxb5 Re8 29. Qd3 Qc6 30. Nd6 Rf8 31. Nf5 Bxf2+ 32. Kh1 Bb6 33. c3 Rf7 34. b4 Qe6 35. Nd6 Re7 36. a4 Bc7 37. Nf5 Qe1+ 38. Qf1 Qe5 39. g3 Rf7 40. Qb5 Qxb5 41. axb5 Rxf5 42. c4 Ke7 43. Kg2 Bb6 44. c5 Nxc5 45. bxc5 Rxc5 46. Re1+ Kf6 47. Rb1 Rc2+ 48. Kf3 Rxh2 49. Rc1 Ke5 50. Rc6 Rf2+ 51. Kg4 Rf6 52. Rc2 Kd5 0-1

[Event "ISR-chT"]
[Site "Israel"]
[Date "1997.??.??"]
[Round "6"]
[White "Murey, Jacob"]
[Black "Zoler, Dan"]
[Result "1/2-1/2"]
[WhiteElo "2420"]
[BlackElo "2465"]
[PlyCount "150"]
[EventDate "1997.??.??"]
[Source "ChessBase"]
[SourceDate "1997.07.29"]

1. e4 c5 2. Nf3 d6 3. d4 cxd4 4. Nxd4 Nf6 5. Nc3 a6 6. Bg5 Nbd7 7. Bc4 g6 8. Qe2 Bg7 9. O-O-O O-O 10. f4 e5 11. Nf3 Qc7 12. Rhf1 b5 13. Bb3 Bb7 14. f5 b4 15. Nd5 Bxd5 16. Bxd5 Nxd5 17. Rxd5 Nb6 18. f6 Nxd5 19. fxg7 Kxg7 20. exd5 f6 21. Be3 Rac8 22. Kb1 Qc4 23. Qxc4 Rxc4 24. Nd2 Rh4 25. h3 Rb8 26. b3 Rb5 27. Rh1 f5 28. g3 Rh5 29. a4 bxa3 30. c4 Rb7 31. h4 h6 32. Rf1 Rf7 33. Nf3 f4 34. gxf4 exf4 35. Bc1 g5 36. Bxa3 Kh7 37. Bxd6 g4 38. Ne5 Rg7 39. c5 g3 40. c6 g2 41. Rg1 f3 42. Nxf3 Rxd5 43. c7 Rg8 44. Be7 Rc8 45. Bd8 Rd3 46. Ne5 Rxb3+ 47. Kc2 Rg3 48. Nc4 Rg8 49. Kd3 Rcxd8+ 50. cxd8=Q Rxd8+ 51. Ke4 Re8+ 52. Ne5 Rg8 53. Kf3 a5 54. Rxg2 Rxg2 55. Kxg2 a4 56. Nc4 Kg6 57. Kh3 Kf6 58. Na3 Kg6 59. Kg4 Kf6 60. Kh5 Kg7 61. Nb5 Kh7 62. Kg4 Kg6 63. Kf4 Kh5 64. Kg3 Kg6 65. Kg4 Kf6 66. Na3 Kg6 67. h5+ Kf6 68. Kf4 Ke6 69. Nc4 Kf6 70. Kg4 Ke6 71. Kf4 Kf6 72. Na3 Ke6 73. Nb1 Kf6 74. Na3 Ke6 75. Nc2 Kf6 1/2-1/2

[Event "Czech Open GMA"]
[Site "Pardubice CEC"]
[Date "2007.07.20"]
[Round "1"]
[White "Huschenbeth, N."]
[Black "Babula, V."]
[Result "0-1"]
[WhiteElo "2306"]
[BlackElo "2577"]
[PlyCount "72"]
[EventDate "2007.07.20"]
[Source "www.chesslib.no"]
[SourceDate "2004.05.04"]

1. e4 c5 2. Nf3 d6 3. d4 cxd4 4. Nxd4 Nf6 5. Nc3 a6 6. Bg5 Nbd7 7. f4 g6 8. Bc4 Bg7 9. Qe2 O-O 10. O-O-O Qc7 11. Bb3 b5 12. h4 Nb6 13. Bxf6 Bxf6 14. h5 g5 15. Nd5 Nxd5 16. Bxd5 Rb8 17. Nc6 Rb6 18. e5 dxe5 19. fxe5 Rxc6 20. Bxc6 Bxe5 21. Bd5 h6 22. Kb1 e6 23. Bf3 b4 24. g4 a5 25. Qb5 Bxb2 26. Kxb2 Qc3+ 27. Kb1 Qxf3 28. Qe5 Ba6 29. Rhe1 Bc4 30. Qxa5 Bd5 31. Rxd5 Qxd5 32. Qxd5 exd5 33. Re5 Rc8 34. Re2 Rc4 35. Rg2 Kg7 36. Kb2 Kf6 0-1

[Event "Wiesbaden op"]
[Site "Wiesbaden"]
[Date "1999.09.03"]
[Round "8"]
[White "Rechel, Bernd"]
[Black "Gutman, Lev"]
[Result "1-0"]
[WhiteElo "2404"]
[BlackElo "2471"]
[PlyCount "109"]
[EventDate "1999.08.??"]
[Source "www.chesslib.no"]
[SourceDate "2004.05.04"]

1. e4 c5 2. Nf3 d6 3. d4 cxd4 4. Nxd4 Nf6 5. Nc3 a6 6. Bg5 Bd7 7. Qd2 Bc6 8. f3 Nbd7 9. O-O-O Qc7 10. Bc4 h6 11. Bh4 g6 12. g4 Bg7 13. Bg3 b5 14. Bb3 Rb8 15. h4 a5 16. h5 gxh5 17. Nf5 Bf8 18. gxh5 a4 19. Bd5 b4 20. Bxc6 Qxc6 21. Nd5 b3 22. a3 Nxd5 23. exd5 Qxc2+ 24. Qxc2 bxc2 25. Kxc2 Rg8 26. Bf4 Nf6 27. Nxh6 Bxh6 28. Bxh6 Rb5 29. Bc1 Nxd5 30. h6 Kd7 31. Rd4 Rc5+ 32. Kb1 Ra5 33. Bd2 Rb5 34. Rxa4 Rgb8 35. Ra7+ Ke6 36. b4 Kf6 37. Rg1 Rc8 38. Bg5+ Kf5 39. Bxe7 f6 40. Bxd6 Nc3+ 41. Kb2 Rd5 42. Bc5 Ne2 43. Re1 Nf4 44. Kc2 Rd3 45. h7 Rxf3 46. Rc7 Rh8 47. a4 Ne6 48. Rc6 Nxc5 49. Rxc5+ Kf4 50. Rc7 f5 51. b5 Ra3 52. b6 Rxa4 53. b7 Ra2+ 54. Kb3 Ra6 55. Rg1 1-0

[Event "Beersheba"]
[Site "Beersheba"]
[Date "1976.??.??"]
[Round "11"]
[White "Kagan, Shimon"]
[Black "Bleiman, Yaacov"]
[Result "1-0"]
[WhiteElo "2430"]
[BlackElo "2440"]
[PlyCount "84"]
[EventDate "1976.03.??"]
[Source "ChessBase"]

1. e4 c5 2. Nf3 d6 3. d4 cxd4 4. Nxd4 Nf6 5. Nc3 a6 6. Bg5 Nbd7 7. Qf3 e6 8. O-O-O Qa5 9. Qg3 b5 10. a3 Bb7 11. Bd3 Rc8 12. Nb3 Qb6 13. Rhe1 b4 14. axb4 Qxb4 15. Kb1 Be7 16. Bd2 Qb6 17. f4 g6 18. Qh3 Nc5 19. Be3 Qb4 20. Nxc5 dxc5 21. Bd2 c4 22. Bf1 Qb6 23. f5 h5 24. Be3 Qa5 25. fxe6 O-O 26. exf7+ Rxf7 27. Qg3 Kh7 28. Bd4 Ng8 29. Be2 Nh6 30. Rf1 h4 31. Qh3 Qg5 32. Be3 Qe5 33. Rxf7+ Nxf7 34. Rd7 Bc6 35. Rxe7 Qxe7 36. Qxc8 Bxe4 37. Nxe4 Qxe4 38. Qd7 Kg8 39. Qd4 Qxg2 40. Bxc4 Qxh2 41. Qd8+ Kg7 42. Bd4+ Kh6 1-0